000 00520nam a2200193Ia 4500
008 131103s9999 xx 000 0 und d
020 _a8170281865
_cRs.50.00
040 _aLoreto College
041 _aEnglish
082 _a891.431/DIN
_bLCLIB/42813
100 _aDinkar,Ramdhari Singh
245 _aKurukshetra
_b Epic
_cRamdhari Singh Dinkar
260 _aDelhi
_bRajpal
_c2000
300 _a118 p.
_c 18 cm.
650 _aPoetry - Hindi
651 _aHindi Poetry
850 _aLCLIB/891.431/DIN
942 _cBK
999 _c18239
_d68718